000 00985cab a2200277 4500
001 ABS48064
008 090401t1993 xxu||||| |||| 00| 0 eng d
035 _a(Sirsi) u64751
041 _aeng
100 _aShah, R.
245 _aStreet names, house numbers
260 _c1993
350 _a0
490 _aNew Law Journal
_v143(6586) 5 February 1993, 174-175(2)
520 _aLooks at the legislative background to street identification and house numbering in the UK, noting the lack of clarity and uniformity in practice. The discrepancy between postal or rating list addresses and Land Registry records is noted. The author argues for change.
650 _aHOUSE NUMBERS
650 _aLONDON BUILDING ACT (AMENDMENT) ACT 1939
650 _aPUBLIC HEALTH ACT 1925
650 _aSTREET NAMING
650 _aSTREET NUMBERING
650 _aTOWN IMPROVEMENT CLAUSES ACT 1847
690 _aECONOMIC AND SOCIAL
690 _aLAND
942 _n0
948 _c04/03/1997
999 _c40343
_d40343